Taylor Swift 66 - Statistics

General Stats
  • This quiz has been taken 16 times
  • The average score is 302 of 378
Answer Stats
Answer % Correct
I
100%
not
100%
to
100%
a
92%
and
92%
for
92%
her
92%
I'm
92%
in
92%
it
92%
know
92%
like
92%
me
92%
of
92%
on
92%
the
92%
too
92%
you
92%
your
92%
are
83%
back
83%
bak
83%
by
83%
can
83%
can't
83%
'cause
83%
don't
83%
if
83%
I'll
83%
mine
83%
my
83%
nothing
83%
so
83%
than
83%
that
83%
this
83%
us
83%
what
83%
you're
83%
anything
75%
at
75%
being
75%
but
75%
face
75%
feel
75%
furious
75%
got
75%
hate
75%
have
75%
he's
75%
look
75%
mad
75%
made
75%
make
75%
makes
75%
making
75%
more
75%
much
75%
say
75%
talk
75%
that's
75%
there's
75%
think
75%
way
75%
worse
75%
you've
75%
about
67%
along
67%
as
67%
boyfriend
67%
cats
67%
club
67%
come
67%
doing
67%
gorgeous
67%
guess
67%
happy
67%
here
67%
home
67%
honestly
67%
ice
67%
jealous
67%
just
67%
life
67%
older
67%
ruined
67%
sad
67%
should
67%
single
67%
take
67%
turns
67%
Vine
67%
wanna
67%
whisky
67%
actually
58%
alone
58%
blue
58%
compliment
58%
consequence
58%
cool
58%
drunk
58%
everyone
58%
eyes
58%
field
58%
fun
58%
girlfriend
58%
hand
58%
hurts
58%
magnetic
58%
might
58%
room
58%
strong
58%
Sunset
58%
unless
58%
darkened
50%
die
50%
drown
50%
looking
50%
sink
50%
stumble
50%
talking
50%
touching
50%
little
42%
ocean
42%
No matching quizzes found
Score Distribution
Percent of People with Each Score
Percentile by Number Answered
Your Score History
You have not taken this quiz